U.S. Cities with Smallest % of Metro Population - Statistics

General Stats
  • This quiz has been taken 154 times
  • The average score is 14 of 20
Answer Stats
City Proper Metro Area % Answer % Correct
467,963 6,166,488 7.6% Miami
87%
506,811 6,020,364 8.4% Atlanta
84%
1,343,573 7,573,136 17.7% Dallas
83%
670,031 4,319,629 15.5% Detroit
82%
705,749 6,280,487 11.2% Washington, D.C.
80%
881,549 4,731,803 18.6% San Francisco
79%
692,600 4,873,019 14.2% Boston
78%
287,442 2,608,147 11.0% Orlando
78%
300,576 2,803,228 10.7% St. Louis
78%
399,700 3,194,831 12.5% Tampa
78%
381,009 2,048,449 18.6% Cleveland
76%
429,606 3,654,908 11.8% Minneapolis
75%
753,675 3,979,845 18.9% Seattle
75%
303,940 2,221,208 13.7% Cincinnati
74%
300,286 2,317,600 13.0% Pittsburgh
71%
200,567 1,232,696 16.3% Salt Lake City
64%
331,360 4,650,631 7.1% Riverside
55%
179,883 1,624,578 11.1% Providence
54%
122,105 1,204,877 10.1% Hartford
53%
230,436 1,291,900 17.8% Richmond
36%
No matching quizzes found
Score Distribution
Percent of People with Each Score
Percentile by Number Answered
Your Score History
You have not taken this quiz